| 000 | 00000nas 2200000za 4500 |
| 001 | 9.820871 |
| 003 | CaOODSP |
| 005 | 20221107143326 |
| 007 | cr ||||||||||| |
| 008 | 160712d19561961onc x p oss f0###a0eng|d |
| 022 | |y0837-9653 |
| 040 | |aCaOODSP|beng |
| 041 | |aeng|afre |
| 043 | |an-cn--- |
| 086 | 1 |aCS81-502-PDF |
| 086 | 1 |aCS81-517-PDF |
| 245 | 00|aCanadian institutions of higher education |h[electronic resource] = |bInstitutions d'enseignement supérieur du Canada. |
| 246 | 11|aInstitutions d'enseignement supérieur du Canada |
| 260 | |a[Ottawa] : |bDominion Bureau of Statistics, Education Division, Higher Education Section = Bureau fédéral de la statistique, Division de l'éducation, Section de l'enseignement supérieur, |c[1956]-1961. |
| 310 | |aIrregular |
| 362 | 0 |a1955/1956-1960/61. |
| 490 | 1 |aReference paper ; |vno. 48 = |aDocument de référence ; |vnº 48 |
| 500 | |aDigitized edition from print [produced by Statistics Canada]. |
| 546 | |aText in English and French. |
| 580 | |aMerger of: List of institutions of higher education in Canada; and, Répertoire des institutions d'enseignement supérieur au Canada. |
| 692 | 07|2gccst|aUniversities |
| 692 | 07|2gccst|aColleges |
| 710 | 1 |aCanada.|bDominion Bureau of Statistics.|bHigher Education Section. |
| 780 | 00|tList of institutions of higher education in Canada |w(CaOODSP)9.820868 |
| 792 | |tCanadian institutions of higher education |efre|w(CaOODSP)9.820874 |
| 830 | #0|aReference paper (Canada. Dominion Bureau of Statistics)|vno. 48|w(CaOODSP)9.820711 |